000 00650nam a2200145Ia 4500
008 150609s9999 xx 000 0 und d
050 _aRC 488.5
_b.H378 2015
100 _aHartsock, Frishia SD.
245 _aCoping ability as indicator of experiential learning of Filipino-American nursing students /
_cFrishia SD. Hartsock, Marian Andrea C. Maddela, Vilma B. Punsalan, Francesca Louise O. Sebastian .
260 _aLas PiƱas, Philippines :
_bSISC,
_c2015.
300 _a90 pages :
_bcolor illustrations ;
_c28 cm.
500 _aIncludes bibliographical references and appendices.
650 _aExperiential Learning
650 _xFilipino-American
999 _c285010
_d285010